00656nam a2200181 a 450000100100000000500170001000800410002704000250006810000270009324500970012026000430021730000200026049000110028050000420029183000180033395201060035199900170045700004015520201002033942.0130809s1972 ag 000 0 spa d aDO-SdBNPbspacBNPHU1 aSunkel, Osvaldo93618810aCapitalismo transnacional y desintegración nacional en América Latina /cOsvaldo Sulkel. aBuenos Aires :bNueva Visión,c1972. a85 p. ;c19 cm.1 aFichas aIncluye notas al pie de las páginas 0aFichas933686 0010507-18MOaGRbGRcOId2013-08-09iLF1l0o p40155-10r2020-06-25w2020-06-25y1ZNo se presta c39645d39645